[Event "Grand Prix Romania 1st Stage 2024"]
[Site "Bucuresti"]
[Date "2024.03.24"]
[Round "10.2"]
[White "Ponomariov, Ruslan"]
[Black "Brunello, Sabino"]
[Result "1-0"]
[WhiteElo "2646"]
[BlackElo "2515"]
[Annotator "TA"]
[PlyCount "91"]
[EventDate "2024.03.20"]
[EventType "swiss"]
[EventCountry "ROU"]
[SourceTitle "playchess.com"]
[Source "ChessBase"]
[SourceQuality "1"]

1. d4 Nf6 2. c4 e6 3. Nc3 d5 4. cxd5 exd5 5. Bg5 Be7 6. e3 c6 7. Bd3 h6 8. Bh4 O-O 9. Nge2 Ne8 10. Bg3 Nd6 11. Qc2 a5 12. O-O Na6 13. a3 Re8 14. f3 Nc4 15. Bf2 b5 16. e4 Rb8 17. Nb1 a4 18. Nbc3 Bh4 19. Bxc4 Bxf2+ 20. Rxf2 dxc4 21. Rd1 Qe7 22. Ng3 Bd7 23. f4 b4 24. Nxa4 c3 25. axb4 cxb2 26. Nxb2 Nxb4 27. Qc3 h5 28. f5 h4 29. f6 Qe6 30. Nh5 Qg4 31. Nxg7 Rxe4 32. h3 Qg5 33. Qf3 Re3 34. Qh5 Rb5 35. Qxg5 Rxg5 36. Nc4 Rd3 37. Rb1 c5 38. dxc5 Nc6 39. Rb7 Bxh3 40. Kh2 Bg4 41. Nd6 Ne5 42. Ne4 Rg6 43. Re7 Be6 44. Nxe6 Ng4+ 45. Kg1 Nxf2 46. Nxf2 1-0

[Event "Grand Prix Romania 1st Stage 2024"]
[Site "Bucuresti"]
[Date "2024.03.24"]
[Round "10.3"]
[White "Chigaev, Maksim"]
[Black "Deac, Bogdan-Daniel"]
[Result "1/2-1/2"]
[WhiteElo "2617"]
[BlackElo "2690"]
[Annotator "TA"]
[PlyCount "36"]
[EventDate "2024.03.20"]
[EventType "swiss"]
[EventCountry "ROU"]
[SourceTitle "playchess.com"]
[Source "ChessBase"]
[SourceQuality "1"]

1. e4 e5 2. Nf3 Nf6 3. Nxe5 d6 4. Nf3 Nxe4 5. Qe2 Qe7 6. d3 Nf6 7. Bg5 Qxe2+ 8. Bxe2 Be7 9. Nc3 h6 10. Bd2 a6 11. O-O-O Be6 12. Nd4 Bd7 13. Bf3 Nc6 14. Nxc6 Bxc6 15. Bxc6+ bxc6 16. Rhe1 Kd7 17. Ne4 d5 18. Nxf6+ Bxf6 1/2-1/2

[Event "Grand Prix Romania 1st Stage 2024"]
[Site "Bucuresti"]
[Date "2024.03.24"]
[Round "10.4"]
[White "Mikhalevski, Victor"]
[Black "Mamedov, Rauf"]
[Result "1/2-1/2"]
[WhiteElo "2514"]
[BlackElo "2651"]
[Annotator "TA"]
[PlyCount "81"]
[EventDate "2024.03.20"]
[EventType "swiss"]
[EventCountry "ROU"]
[SourceTitle "playchess.com"]
[Source "ChessBase"]
[SourceQuality "1"]

1. d4 d5 2. c4 e6 3. Nf3 c5 4. cxd5 exd5 5. Nc3 Nc6 6. Bg5 f6 7. Bf4 g5 8. Be3 g4 9. Ng1 f5 10. Na4 cxd4 11. Bxd4 Nf6 12. e3 Nxd4 13. Qxd4 Bg7 14. Bb5+ Kf7 15. Nc3 Be6 16. Nge2 Ne4 17. Qa4 a6 18. Bd3 b5 19. Qd1 Rc8 20. O-O Bxc3 21. bxc3 Nxc3 22. Nxc3 Rxc3 23. f3 Qg5 24. Bxf5 g3 25. Bxe6+ Kxe6 26. f4 gxh2+ 27. Kh1 Qf5 28. Rc1 Rhc8 29. Rxc3 Rxc3 30. Qd4 Rc2 31. Rf3 Kd6 32. Rg3 Kc6 33. Qa7 Rxa2 34. e4 Ra1+ 35. Kxh2 Qxf4 36. Qa8+ Kb6 37. Qd8+ Ka7 38. Qd7+ Kb6 39. Qd8+ Ka7 40. Qd7+ Kb6 41. Qd8+ 1/2-1/2

[Event "Grand Prix Romania 1st Stage 2024"]
[Site "Bucuresti"]
[Date "2024.03.24"]
[Round "10.5"]
[White "Fridman, Daniel"]
[Black "Bernadskiy, Vitaliy"]
[Result "1-0"]
[WhiteElo "2590"]
[BlackElo "2573"]
[Annotator "TA"]
[PlyCount "63"]
[EventDate "2024.03.20"]
[EventType "swiss"]
[EventCountry "ROU"]
[SourceTitle "playchess.com"]
[Source "ChessBase"]
[SourceQuality "1"]

1. d4 g6 2. Nf3 Bg7 3. c4 d6 4. Nc3 Nf6 5. g3 O-O 6. Bg2 c6 7. O-O Bf5 8. Qb3 Qb6 9. Nh4 Be6 10. Rd1 d5 11. c5 Qxb3 12. axb3 Nbd7 13. b4 a6 14. h3 Rfc8 15. g4 Ne8 16. Nf3 f6 17. Nd2 Bf7 18. Nb3 Nc7 19. Bf4 e5 20. Bg3 Ne6 21. dxe5 fxe5 22. Ne4 dxe4 23. Rxd7 Nf8 24. Rxf7 Kxf7 25. Na5 Rd8 26. Nxb7 Rd2 27. Nd6+ Ke6 28. Bxe4 Rxb2 29. Bxc6 Rb8 30. Rxa6 R2xb4 31. e4 Nd7 32. Bxd7+ 1-0

[Event "Grand Prix Romania 1st Stage 2024"]
[Site "Bucuresti"]
[Date "2024.03.24"]
[Round "10.6"]
[White "Motylev, Alexander"]
[Black "Nevednichy, Vladislav"]
[Result "1-0"]
[WhiteElo "2611"]
[BlackElo "2445"]
[Annotator "RC"]
[PlyCount "110"]
[EventDate "2024.03.20"]
[EventType "swiss"]
[EventCountry "ROU"]
[SourceTitle "playchess.com"]
[Source "ChessBase"]
[SourceQuality "1"]

1. e4 d6 2. d4 Nf6 3. Nc3 e5 4. Nf3 Nbd7 5. Rg1 g6 6. g4 Bg7 7. Be3 O-O 8. g5 Nh5 9. Qd2 c6 10. O-O-O Qe7 11. a3 Re8 12. Kb1 a6 13. dxe5 dxe5 14. Qd6 Qxd6 15. Rxd6 Bf8 16. Rd1 b5 17. Ne1 Nf4 18. Nf3 Nh5 19. h4 a5 20. Ne1 Nf4 21. Ne2 Nc5 22. Nxf4 exf4 23. Bxf4 Nxe4 24. Nd3 Bf5 25. Bg2 b4 26. Rge1 b3 27. Bxe4 Bxe4 28. Re3 bxc2+ 29. Kxc2 Bc5 30. Re2 Bf5 31. Rxe8+ Rxe8 32. Kc3 Rd8 33. Be3 Bf8 34. Bd4 a4 35. Rd2 f6 36. Bxf6 Rb8 37. Nf4 Rb3+ 38. Kc4 Rf3 39. Be5 Kf7 40. Nd3 Be6+ 41. Kd4 Bf5 42. Nc5 Rh3 43. Bg3 Rh1 44. Nxa4 Rc1 45. Nc3 Re1 46. a4 Be6 47. Ne4 Bg7+ 48. Nf6 Ra1 49. Kc5 Rxa4 50. Kxc6 Rb4 51. Kc5 Rb3 52. Be5 h5 53. Bc3 Bf8+ 54. Kc6 Rb8 55. Nd7 Rd8 1-0

[Event "Grand Prix Romania 1st Stage 2024"]
[Site "Bucuresti"]
[Date "2024.03.24"]
[Round "10.7"]
[White "Istratescu, Andrei"]
[Black "Sarana, Alexey"]
[Result "0-1"]
[WhiteElo "2374"]
[BlackElo "2699"]
[Annotator "TA"]
[PlyCount "116"]
[EventDate "2024.03.20"]
[EventType "swiss"]
[EventCountry "ROU"]
[SourceTitle "playchess.com"]
[Source "ChessBase"]
[SourceQuality "1"]

1. c4 e6 2. d4 Nf6 3. Nf3 d5 4. g3 Bb4+ 5. Bd2 Be7 6. Bg2 O-O 7. O-O c6 8. Qc2 Nbd7 9. Rc1 Ne4 10. Be1 f5 11. Nfd2 Ndf6 12. f3 Nxd2 13. Nxd2 Bd7 14. f4 Be8 15. Nf3 Bh5 16. Ne5 Bd6 17. e3 Ne4 18. Qb3 Qe7 19. Rc2 a5 20. a3 g5 21. Qd3 gxf4 22. exf4 Rfd8 23. cxd5 exd5 24. Rb1 a4 25. Bc3 Ra6 26. Qe3 Qe6 27. Bb4 Bc7 28. Nd3 Re8 29. Re1 Raa8 30. Qc1 Bb6 31. Bc5 Ba5 32. Bb4 Qf6 33. Ne5 Bb6 34. Qe3 Rad8 35. Kh1 Qh6 36. Bc5 Ba5 37. Bb4 Bb6 38. Bc5 Bc7 39. b3 Ba5 40. Bb4 Bb6 41. bxa4 Rxe5 42. fxe5 Qxe3 43. Rxe3 Bxd4 44. Re1 Kf7 45. Rf1 Ke6 46. Bf3 Bxf3+ 47. Rxf3 c5 48. Be1 c4 49. Bb4 Bxe5 50. Rc1 Rc8 51. Kg2 d4 52. Kf1 Rc6 53. Ke1 d3 54. a5 Bb2 55. Rb1 c3 56. Bxc3 Bxc3+ 57. Kd1 Bxa5 58. Rxb7 d2 0-1

[Event "Grand Prix Romania 1st Stage 2024"]
[Site "Bucuresti"]
[Date "2024.03.24"]
[Round "10.8"]
[White "Baltag, Iulian"]
[Black "Kozak, Adam"]
[Result "0-1"]
[WhiteElo "2412"]
[BlackElo "2607"]
[Annotator "TA"]
[PlyCount "104"]
[EventDate "2024.03.20"]
[EventType "swiss"]
[EventCountry "ROU"]
[SourceTitle "playchess.com"]
[Source "ChessBase"]
[SourceQuality "1"]

1. d4 d5 2. c4 e6 3. Nf3 c6 4. Qc2 Nf6 5. Nbd2 Nbd7 6. g3 Be7 7. Bg2 O-O 8. O-O b6 9. e4 Ba6 10. b3 Rc8 11. Bb2 dxe4 12. Nxe4 Nxe4 13. Qxe4 b5 14. cxb5 Nf6 15. Qb1 cxb5 16. Ne5 Nd5 17. Rc1 Qd6 18. Nd3 b4 19. Nc5 Nc3 20. Bxc3 bxc3 21. Qc2 Bf6 22. Rd1 Bxd4 23. Nxa6 e5 24. Bf1 Rc6 25. Rxd4 exd4 26. Qd3 Qa3 27. Qe4 Rfc8 28. Bd3 g6 29. Bc4 Rxc4 30. bxc4 Qxa6 31. Qxd4 Rxc4 32. Qe5 Rc8 33. a3 c2 34. Qf4 Qd3 35. Kg2 Qd5+ 36. Kh3 h5 37. Rc1 Qd3 38. a4 Qa3 39. Kg2 a6 40. h4 Qb3 41. a5 Qa3 42. Qd2 Qb2 43. Kh2 Kg7 44. Kg2 Qc3 45. Qf4 Qxa5 46. Qd4+ Kg8 47. Qd7 Qc5 48. Qd2 a5 49. Qf4 Qc6+ 50. Kh2 a4 51. Qb4 Qc4 52. Qe7 Qc3 0-1

[Event "Grand Prix Romania 1st Stage 2024"]
[Site "Bucuresti"]
[Date "2024.03.24"]
[Round "10.9"]
[White "Gavrilescu, David"]
[Black "Ghimpu, Samuel-Timotei"]
[Result "1-0"]
[WhiteElo "2524"]
[BlackElo "2467"]
[Annotator "TA"]
[PlyCount "31"]
[EventDate "2024.03.20"]
[EventType "swiss"]
[EventCountry "ROU"]
[SourceTitle "playchess.com"]
[Source "ChessBase"]
[SourceQuality "1"]

1. e4 c6 2. Nf3 d5 3. Nc3 dxe4 4. Nxe4 Nf6 5. Qe2 Nxe4 6. Qxe4 Nd7 7. Bc4 Nf6 8. Ne5 e6 9. Qe2 Qc7 10. d4 Bd6 11. O-O b5 12. Bd3 Bb7 13. Re1 a6 14. Bf4 h6 15. Nxf7 Qxf7 16. Bg6 1-0

[Event "Grand Prix Romania 1st Stage 2024"]
[Site "Bucuresti"]
[Date "2024.03.24"]
[Round "10.10"]
[White "Secheres, Adrian-Simion"]
[Black "Lupulescu, Constantin"]
[Result "1/2-1/2"]
[WhiteElo "2371"]
[BlackElo "2579"]
[Annotator "TA"]
[PlyCount "83"]
[EventDate "2024.03.20"]
[EventType "swiss"]
[EventCountry "ROU"]
[SourceTitle "playchess.com"]
[Source "ChessBase"]
[SourceQuality "1"]

1. d4 Nf6 2. c4 e6 3. Nf3 d5 4. Nc3 Nbd7 5. Bf4 Bb4 6. cxd5 exd5 7. e3 c6 8. Bd3 Nh5 9. Bg5 Be7 10. Bxe7 Qxe7 11. O-O O-O 12. Rb1 Nb6 13. Ne5 g6 14. b4 a6 15. a4 Ng7 16. b5 axb5 17. axb5 c5 18. Ra1 Bf5 19. Bxf5 Nxf5 20. Re1 cxd4 21. exd4 Qb4 22. Rc1 Rfc8 23. Qf3 Ra3 24. Nxd5 Rxc1 25. Rxc1 Qb2 26. Nf6+ Kg7 27. Qf4 Ra1 28. Rf1 Qb1 29. Nh5+ Kf8 30. Ng3 Nd5 31. Qf3 Qa2 32. h3 Kg7 33. Nxf5+ gxf5 34. Rxa1 Qxa1+ 35. Kh2 Qxd4 36. Qxf5 Qf4+ 37. Qxf4 Nxf4 38. Kg3 Nd5 39. Nd7 b6 40. Kf3 Nc7 41. Nxb6 Nxb5 42. Ke4 1/2-1/2

[Event "Grand Prix Romania 1st Stage 2024"]
[Site "Bucuresti"]
[Date "2024.03.24"]
[Round "10.11"]
[White "Magold, Filip"]
[Black "Jianu, Vlad-Cristian"]
[Result "0-1"]
[WhiteElo "2403"]
[BlackElo "2491"]
[Annotator "TA"]
[PlyCount "90"]
[EventDate "2024.03.20"]
[EventType "swiss"]
[EventCountry "ROU"]
[SourceTitle "playchess.com"]
[Source "ChessBase"]
[SourceQuality "1"]

1. c4 e6 2. Nf3 d5 3. g3 dxc4 4. Qa4+ Bd7 5. Qxc4 c5 6. Bg2 Bc6 7. O-O Nf6 8. Qc2 Be7 9. d3 O-O 10. Nc3 Nbd7 11. b3 Rc8 12. Bb2 a6 13. Rfd1 b5 14. a4 Qb6 15. axb5 axb5 16. Ne4 Nxe4 17. dxe4 Rfd8 18. h4 Qb7 19. Ne5 Nxe5 20. Bxe5 Bf8 21. Bf3 Be8 22. Bb2 Rxd1+ 23. Rxd1 c4 24. bxc4 bxc4 25. Rc1 h6 26. Qc3 Qb4 27. Qd4 c3 28. Qxb4 Bxb4 29. Bxc3 Bxc3 30. Kg2 g6 31. e3 Kg7 32. Be2 Rc5 33. Bd3 Kf6 34. Kf3 Bb4 35. Rb1 Ba5 36. Rb8 Bc6 37. Ke2 Rc3 38. h5 gxh5 39. Rh8 Kg7 40. Rc8 Rc1 41. Rb8 Ra1 42. Kf3 Ra2 43. Bc4 Rc2 44. Bd3 Rd2 45. Bc4 f5 0-1

[Event "Grand Prix Romania 1st Stage 2024"]
[Site "Bucuresti"]
[Date "2024.03.24"]
[Round "10.12"]
[White "Ben Ari, Yannay"]
[Black "Castellanos Rodriguez, Renier"]
[Result "1-0"]
[WhiteElo "2434"]
[BlackElo "2469"]
[Annotator "TA"]
[PlyCount "93"]
[EventDate "2024.03.20"]
[EventType "swiss"]
[EventCountry "ROU"]
[SourceTitle "playchess.com"]
[Source "ChessBase"]
[SourceQuality "1"]

1. c4 g6 2. Nc3 Bg7 3. d4 d6 4. e4 Nf6 5. Nf3 O-O 6. Be3 Na6 7. h3 c5 8. d5 Nc7 9. Bd3 e5 10. dxe6 Nxe6 11. O-O b6 12. Qd2 Nd7 13. Be2 Ne5 14. Rad1 Nxf3+ 15. Bxf3 Be5 16. Be2 Nd4 17. f4 Bg7 18. f5 Bb7 19. Bd3 Re8 20. f6 Bf8 21. Nd5 Nc6 22. Qf2 Ne5 23. Be2 Bxd5 24. cxd5 Nd7 25. Qf4 Re5 26. Bd2 a6 27. Bc3 b5 28. b3 Qe8 29. Bf3 b4 30. Bb2 a5 31. Rde1 a4 32. Bg4 axb3 33. axb3 Nb6 34. Bxe5 dxe5 35. Qf2 Ra3 36. d6 Bxd6 37. Rd1 Bf8 38. Rd2 h5 39. Rfd1 Ra8 40. Bd7 Nxd7 41. Rxd7 Qe6 42. Rd8 Qxb3 43. Kh2 Rxd8 44. Rxd8 Qc3 45. Qa2 Qa3 46. Qd5 Qa5 47. Rd7 1-0

[Event "Grand Prix Romania 1st Stage 2024"]
[Site "Bucuresti"]
[Date "2024.03.24"]
[Round "10.13"]
[White "Efroimski, Marsel"]
[Black "Safarli, Eltaj"]
[Result "1/2-1/2"]
[WhiteElo "2467"]
[BlackElo "2614"]
[Annotator "TA"]
[PlyCount "63"]
[EventDate "2024.03.20"]
[EventType "swiss"]
[EventCountry "ROU"]
[SourceTitle "playchess.com"]
[Source "ChessBase"]
[SourceQuality "1"]

1. e4 c5 2. Nf3 e6 3. d4 cxd4 4. Nxd4 Nc6 5. Nc3 Bc5 6. Nb3 Bb6 7. Bf4 e5 8. Bg3 h5 9. h4 Nf6 10. Bc4 d6 11. Qd2 Be6 12. Bxe6 fxe6 13. O-O-O Nd4 14. Qg5 O-O 15. Rhe1 a5 16. Nxd4 exd4 17. Nb5 e5 18. f4 Ng4 19. Qxh5 Ne3 20. fxe5 Nxd1 21. Rxd1 dxe5 22. Qxe5 Re8 23. Qf5 Qf6 24. Qd5+ Qe6 25. Bc7 Kh7 26. Bxb6 Qxb6 27. Nd6 Rf8 28. Qh5+ Kg8 29. Qd5+ Kh7 30. Qh5+ Kg8 31. Qd5+ Kh7 32. Qh5+ 1/2-1/2

[Event "Grand Prix Romania 1st Stage 2024"]
[Site "Bucuresti"]
[Date "2024.03.24"]
[Round "10.14"]
[White "Bulmaga, Irina"]
[Black "Sokolov, Ivan"]
[Result "1-0"]
[WhiteElo "2429"]
[BlackElo "2590"]
[Annotator "TA"]
[PlyCount "119"]
[EventDate "2024.03.20"]
[EventType "swiss"]
[EventCountry "ROU"]
[SourceTitle "playchess.com"]
[Source "ChessBase"]
[SourceQuality "1"]

1. e4 e5 2. Nf3 Nc6 3. d4 exd4 4. Nxd4 Qf6 5. Be3 Bc5 6. c3 Nge7 7. Bc4 b6 8. O-O O-O 9. Qd2 Bb7 10. f4 Bxd4 11. cxd4 d5 12. e5 Qe6 13. Be2 Na5 14. b3 Nf5 15. Bf2 c5 16. Nc3 cxd4 17. Nb5 Nc6 18. Nc7 Qh6 19. Nxa8 Rxa8 20. Bg4 Bc8 21. Bxf5 Bxf5 22. Bxd4 Qg6 23. Rac1 h5 24. Rf2 h4 25. Rc3 Re8 26. a3 Re6 27. b4 Be4 28. f5 Bxf5 29. Rcf3 Ne7 30. b5 Qh5 31. Bc3 Be4 32. Rxf7 Qxf7 33. Rxf7 Kxf7 34. Qg5 Rg6 35. Qxh4 Rxg2+ 36. Kf1 Ke6 37. Qh8 Kf7 38. Be1 Rg5 39. Bg3 Rf5+ 40. Ke1 d4 41. Qd8 Bd5 42. Kd2 Ke6 43. Qd6+ Kf7 44. Bh4 g5 45. Bg3 Rf3 46. Qh6 Rxa3 47. Qf6+ Ke8 48. e6 Rf3 49. Qh8+ Rf8 50. Qxd4 Bxe6 51. Qe5 Kf7 52. Qxg5 Rd8+ 53. Ke1 Rd5 54. Qf4+ Nf5 55. Qc7+ Rd7 56. Qf4 Rd4 57. Qb8 Rd7 58. Be5 Rd5 59. Qh8 Rxb5 60. Qf6+ 1-0

[Event "Grand Prix Romania 1st Stage 2024"]
[Site "Bucuresti"]
[Date "2024.03.24"]
[Round "10.15"]
[White "Kuzubov, Yuriy"]
[Black "Stoleriu, George"]
[Result "1-0"]
[WhiteElo "2605"]
[BlackElo "2391"]
[Annotator "TA"]
[PlyCount "125"]
[EventDate "2024.03.20"]
[EventType "swiss"]
[EventCountry "ROU"]
[SourceTitle "playchess.com"]
[Source "ChessBase"]
[SourceQuality "1"]

1. d4 e6 2. Nf3 Nf6 3. c4 Bb4+ 4. Bd2 Qe7 5. g3 Bxd2+ 6. Qxd2 O-O 7. Bg2 d6 8. O-O e5 9. Nc3 Re8 10. e4 Bg4 11. d5 Bxf3 12. Bxf3 a5 13. Bg2 Na6 14. Rae1 Nc5 15. f4 h6 16. Kh1 c6 17. fxe5 Qxe5 18. Rf5 Qe7 19. e5 dxe5 20. dxc6 bxc6 21. Bxc6 Qe6 22. Rxf6 Qxf6 23. Bxa8 Rxa8 24. Nd5 Qf3+ 25. Qg2 Qxg2+ 26. Kxg2 Nd3 27. Re2 f6 28. b3 Nc5 29. Rd2 Kf7 30. Nc3 Ke6 31. Rd5 Rc8 32. Nb5 h5 33. Kf3 g5 34. Rd6+ Ke7 35. Rb6 Rd8 36. Nc7 Rd2 37. Nd5+ Kd7 38. Nxf6+ Kc7 39. Rb5 Ne6 40. Rxe5 Nd8 41. Rxg5 Rxa2 42. Rxh5 Nc6 43. Rh7+ Kd6 44. Ne4+ Ke5 45. Rh5+ Ke6 46. Rh6+ Kd7 47. Nc5+ Kc7 48. h4 Nd4+ 49. Ke4 Ne2 50. g4 Nc3+ 51. Kd3 Nd1 52. g5 Rg2 53. Rf6 Nf2+ 54. Kd4 Ng4 55. Rf4 Kc6 56. Nd3 Nh2 57. Rf6+ Kc7 58. g6 Ng4 59. Rf4 Nh6 60. Ne5 Rg3 61. Rf3 Rg1 62. Kc5 Kd8 63. Nf7+ 1-0

[Event "Grand Prix Romania 1st Stage 2024"]
[Site "Bucuresti"]
[Date "2024.03.24"]
[Round "10.16"]
[White "Bologan, Victor"]
[Black "Serban, Cristian-Stefan"]
[Result "1-0"]
[WhiteElo "2594"]
[BlackElo "2309"]
[Annotator "TA"]
[PlyCount "59"]
[EventDate "2024.03.20"]
[EventType "swiss"]
[EventCountry "ROU"]
[SourceTitle "playchess.com"]
[Source "ChessBase"]
[SourceQuality "1"]

1. e4 c5 2. Nf3 e6 3. d4 cxd4 4. Nxd4 Nf6 5. Nc3 Nc6 6. a3 Be7 7. f4 d6 8. Be3 Qc7 9. Be2 O-O 10. O-O Nxd4 11. Qxd4 e5 12. Qd2 a6 13. f5 b5 14. g4 Bb7 15. Bf3 Rac8 16. g5 Nd7 17. Qg2 Rfe8 18. f6 Bf8 19. Rad1 Nb6 20. fxg7 Bxg7 21. Bg4 Rcd8 22. Bxb6 Qxb6+ 23. Kh1 a5 24. Bf5 b4 25. axb4 axb4 26. Nd5 Bxd5 27. Rxd5 b3 28. c3 Qe3 29. Rdd1 h6 30. Rf3 1-0

[Event "Grand Prix Romania 1st Stage 2024"]
[Site "Bucuresti"]
[Date "2024.03.24"]
[Round "10.17"]
[White "Moroni, Luca Jr"]
[Black "Manolache, Marius"]
[Result "1/2-1/2"]
[WhiteElo "2580"]
[BlackElo "2387"]
[Annotator "TA"]
[PlyCount "140"]
[EventDate "2024.03.20"]
[EventType "swiss"]
[EventCountry "ROU"]
[SourceTitle "playchess.com"]
[Source "ChessBase"]
[SourceQuality "1"]

1. d4 Nf6 2. c4 c5 3. Nf3 e6 4. g3 cxd4 5. Nxd4 d5 6. Bg2 Bb4+ 7. Nc3 O-O 8. O-O dxc4 9. Qa4 Qa5 10. Qxa5 Bxa5 11. Rd1 a6 12. Bg5 Nbd7 13. Rac1 h6 14. Bd2 Bb6 15. Be1 Rb8 16. Ne4 Nxe4 17. Bxe4 Nf6 18. Bg2 Rd8 19. Nf3 Rxd1 20. Rxd1 Bd7 21. Ne5 Bb5 22. Rc1 c3 23. bxc3 Bxe2 24. c4 Bd4 25. Nf3 Bxf3 26. Bxf3 b6 27. Bb4 Bc5 28. Bc3 Rd8 29. Kg2 Kf8 30. Rd1 Rxd1 31. Bxd1 Ne4 32. Be1 a5 33. f3 Nd6 34. Be2 Bd4 35. f4 Nb7 36. Bd3 Nc5 37. Bc2 h5 38. Kf3 g6 39. h3 f5 40. g4 hxg4+ 41. hxg4 Ke7 42. Bh4+ Bf6 43. Bf2 Kd6 44. g5 Bc3 45. Bxc5+ bxc5 46. Ba4 Ke7 47. Ke2 Bb2 48. Kd2 Bd4 49. Ke2 Kd8 50. Bb5 Bg7 51. a4 Bf8 52. Kf3 Be7 53. Bc6 e5 54. Bd5 Ke8 55. Kg3 Bd6 56. fxe5 Bxe5+ 57. Kh4 Ke7 58. Bc6 Bc7 59. Bd5 Bd8 60. Bc6 Kd6 61. Be8 Ke5 62. Bxg6 Kf4 63. Kh3 Bxg5 64. Kg2 Bh4 65. Kf1 Ke4 66. Be8 f4 67. Ke2 f3+ 68. Kf1 Kd3 69. Bb5 Bg3 70. Ba6 Bh4 1/2-1/2

[Event "Grand Prix Romania 1st Stage 2024"]
[Site "Bucuresti"]
[Date "2024.03.24"]
[Round "10.18"]
[White "Parligras, Mircea-Emilian"]
[Black "Obada, Ema"]
[Result "1-0"]
[WhiteElo "2543"]
[BlackElo "1976"]
[Annotator "TA"]
[PlyCount "95"]
[EventDate "2024.03.20"]
[EventType "swiss"]
[EventCountry "ROU"]
[SourceTitle "playchess.com"]
[Source "ChessBase"]
[SourceQuality "1"]

1. d4 Nf6 2. c4 e6 3. Nf3 d5 4. Nc3 a6 5. cxd5 exd5 6. Bg5 Be6 7. e3 Nbd7 8. Bd3 Bd6 9. h3 c6 10. Bf4 Qc7 11. Qd2 O-O 12. O-O Nh5 13. Bxd6 Qxd6 14. Na4 b5 15. Nc3 f5 16. Qc2 g6 17. Ne2 Rac8 18. Rfc1 Kg7 19. a4 f4 20. e4 dxe4 21. Bxe4 Nhf6 22. Ng5 Bg8 23. Bf3 Bd5 24. axb5 axb5 25. Ra7 Bxf3 26. Nxf3 Kg8 27. Qb3+ Nd5 28. Nc3 N7b6 29. Ne4 Qe6 30. Neg5 Qf5 31. Nxh7 Rf7 32. Rxf7 Qxf7 33. Nhg5 Qf6 34. Re1 Nc4 35. Qc2 Nc7 36. b3 Nb6 37. Ne4 Qf5 38. Qxc6 Ncd5 39. Qd6 Re8 40. Ne5 Re6 41. Qd8+ Kg7 42. Nd6 Qf8 43. Qxf8+ Kxf8 44. Nxb5 g5 45. Nd7+ Ke7 46. Rxe6+ Kxe6 47. Nxb6 Nxb6 48. Nc3 1-0

[Event "Grand Prix Romania 1st Stage 2024"]
[Site "Bucuresti"]
[Date "2024.03.24"]
[Round "10.19"]
[White "Soltanici, Ruslan"]
[Black "Zajic, Milan"]
[Result "0-1"]
[WhiteElo "2339"]
[BlackElo "2436"]
[Annotator "TA"]
[PlyCount "74"]
[EventDate "2024.03.20"]
[EventType "swiss"]
[EventCountry "ROU"]
[SourceTitle "playchess.com"]
[Source "ChessBase"]
[SourceQuality "1"]

1. e4 e5 2. Nf3 Nc6 3. Bb5 a6 4. Ba4 Nf6 5. O-O Be7 6. Re1 b5 7. Bb3 O-O 8. c3 d5 9. d4 exd4 10. e5 Ne4 11. cxd4 Bf5 12. Nc3 Nxc3 13. bxc3 Qd7 14. Bg5 Ba3 15. Bc1 Be7 16. Bg5 Rfd8 17. h3 h6 18. Bxe7 Qxe7 19. Bc2 Bxc2 20. Qxc2 Na5 21. Nh2 c5 22. f4 Rac8 23. Qf2 cxd4 24. cxd4 Rc3 25. f5 Qg5 26. Ng4 Nc4 27. f6 h5 28. e6 hxg4 29. exf7+ Kxf7 30. Re7+ Kf8 31. Rf1 gxf6 32. Rh7 Kg8 33. Re7 gxh3 34. g4 Qxg4+ 35. Kh1 Qg2+ 36. Qxg2+ hxg2+ 37. Kxg2 Ne3+ 0-1

[Event "Grand Prix Romania 1st Stage 2024"]
[Site "Bucuresti"]
[Date "2024.03.24"]
[Round "10.20"]
[White "Rozen, Eytan"]
[Black "Craciun, Sasha-Matei"]
[Result "1-0"]
[WhiteElo "2487"]
[BlackElo "2169"]
[Annotator "TA"]
[PlyCount "87"]
[EventDate "2024.03.20"]
[EventType "swiss"]
[EventCountry "ROU"]
[SourceTitle "playchess.com"]
[Source "ChessBase"]
[SourceQuality "1"]

1. d4 d5 2. Nf3 Nf6 3. c3 e6 4. Bg5 Be7 5. Nbd2 b6 6. Bxf6 Bxf6 7. e4 dxe4 8. Nxe4 Be7 9. Bb5+ c6 10. Bd3 Nd7 11. Qe2 Bb7 12. O-O-O Qc7 13. Kb1 h6 14. Rhe1 O-O-O 15. Ba6 Rhe8 16. Ng3 Kb8 17. Bxb7 Kxb7 18. Nh5 g6 19. Ng3 Bf6 20. Ne4 Bg7 21. a4 Nf6 22. Nxf6 Bxf6 23. a5 Rd5 24. a6+ Kb8 25. g3 Red8 26. Nd2 Bg7 27. f4 c5 28. dxc5 Qxc5 29. Ne4 Qc6 30. Rxd5 Qxd5 31. h4 e5 32. fxe5 Bxe5 33. g4 Bc7 34. Nf2 Qc6 35. Nd3 Bd6 36. Rf1 Re8 37. Qd2 Qd5 38. Qc2 Re7 39. Rd1 Qc4 40. Qg2 Qe4 41. Qg1 Qe3 42. Nf2 Bc5 43. Qg2 Qe6 44. Qa8+ 1-0

[Event "Grand Prix Romania 1st Stage 2024"]
[Site "Bucuresti"]
[Date "2024.03.24"]
[Round "10.21"]
[White "Tilicheev, Viacheslav"]
[Black "Sofronie, Vladimir"]
[Result "1-0"]
[WhiteElo "2485"]
[BlackElo "1990"]
[Annotator "TA"]
[PlyCount "59"]
[EventDate "2024.03.20"]
[EventType "swiss"]
[EventCountry "ROU"]
[SourceTitle "playchess.com"]
[Source "ChessBase"]
[SourceQuality "1"]

1. d4 Nf6 2. c4 c5 3. Nf3 e6 4. g3 cxd4 5. Nxd4 Nc6 6. Nc3 d5 7. cxd5 exd5 8. Bg2 Be7 9. O-O O-O 10. Nb3 Be6 11. Bg5 h6 12. Bxf6 Bxf6 13. Nxd5 Bxb2 14. Rb1 Ba3 15. Qd2 Qd7 16. Rfd1 Rfd8 17. Na5 Bxd5 18. Rxb7 Bb4 19. Rxd7 Bxd2 20. Rxd8+ Rxd8 21. Rxd2 Nxa5 22. Rxd5 Rxd5 23. Bxd5 Kf8 24. e4 Ke7 25. f4 f6 26. Kf2 Kd6 27. Ke3 Kc5 28. Kd3 g5 29. fxg5 fxg5 30. g4 1-0

[Event "Grand Prix Romania 1st Stage 2024"]
[Site "Bucuresti"]
[Date "2024.03.24"]
[Round "10.22"]
[White "Filev, Georgi"]
[Black "Costachi, Mihnea"]
[Result "1/2-1/2"]
[WhiteElo "2210"]
[BlackElo "2470"]
[Annotator "TA"]
[PlyCount "54"]
[EventDate "2024.03.20"]
[EventType "swiss"]
[EventCountry "ROU"]
[SourceTitle "playchess.com"]
[Source "ChessBase"]
[SourceQuality "1"]

1. e4 e5 2. Nf3 Nc6 3. Bb5 a6 4. Ba4 d6 5. c3 Bd7 6. d4 g6 7. O-O Bg7 8. Re1 Nf6 9. Nbd2 O-O 10. Nf1 b5 11. Bc2 exd4 12. cxd4 Bg4 13. Be3 Re8 14. h3 Bc8 15. Ng3 Bb7 16. d5 Nb8 17. Rc1 c6 18. dxc6 Nxc6 19. Bb1 Rc8 20. Qd2 Ne5 21. Nxe5 dxe5 22. Rxc8 Qxc8 23. Rc1 Qa8 24. f3 Rd8 25. Qc2 Rc8 26. Qd2 Rd8 27. Qc2 Rc8 1/2-1/2

[Event "Grand Prix Romania 1st Stage 2024"]
[Site "Bucuresti"]
[Date "2024.03.24"]
[Round "10.23"]
[White "Cnejev, Vladimir-Alexandru"]
[Black "Grigore, George-Gabriel"]
[Result "1/2-1/2"]
[WhiteElo "2311"]
[BlackElo "2423"]
[Annotator "TA"]
[PlyCount "69"]
[EventDate "2024.03.20"]
[EventType "swiss"]
[EventCountry "ROU"]
[SourceTitle "playchess.com"]
[Source "ChessBase"]
[SourceQuality "1"]

1. e4 c5 2. Nf3 Nc6 3. Bb5 g6 4. O-O Bg7 5. Re1 Nf6 6. e5 Nd5 7. Nc3 Nc7 8. Bxc6 dxc6 9. Ne4 b6 10. Nf6+ Kf8 11. Ne4 Bg4 12. d3 Ne6 13. Ned2 Bh6 14. h3 Bxf3 15. Nxf3 Bxc1 16. Qxc1 Kg7 17. a4 a5 18. Ng5 Qd7 19. Re4 h6 20. Nxe6+ Qxe6 21. b3 Rad8 22. Qd2 Rd4 23. Rae1 Rhd8 24. Qf4 R8d5 25. h4 Rd8 26. h5 Qf5 27. Qg3 Qxh5 28. e6 R8d6 29. exf7 Rxe4 30. Rxe4 Kxf7 31. Qf4+ Rf6 32. Qc7 Qd1+ 33. Kh2 Qh5+ 34. Kg1 Qd1+ 35. Kh2 1/2-1/2